[Event "62nd POL-ch"]
[Site "Poznan POL"]
[Date "2005.05.01"]
[Round "10"]
[White "Moranda, Wojciech"]
[Black "Miton, Kamil"]
[Result "0-1"]
[WhiteElo "2452"]
[BlackElo "2592"]
[EventDate "2005.04.21"]
[PlyCount "89"]

1.e4 e5 2.Nf3 Nc6 3.Nc3 Nf6 4.a3 d6 5.d4 exd4 6.Nxd4 Be7 7.Nde2 O-O 8.g3 
Bg4 9.Bg2 Ne5 10.f4 Ned7 11.h3 Bxe2 12.Qxe2 Re8 13.Be3 c6 14.O-O Bf8 15.
Kh2 Qc7 16.Qf2 b5 17.Rae1 a5 18.Bd4 b4 19.Nb1 bxa3 20.Nxa3 Rab8 21.Re2 Re6
22.Rfe1 Rbe8 23.Bf3 g6 24.Qg2 Bg7 25.Bc3 a4 26.Nb1 Qa7 27.Bb4 Qb8 28.c3 h5
29.Kh1 Bh6 30.h4 Bf8 31.Nd2 Qb5 32.Ba3 Ng4 33.Nf1 Ndf6 34.Ne3 Nxe3 35.Rxe3
Ng4 36.R3e2 Qc4 37.Rd2 f5 38.Rd4 Qb5 39.Qc2 fxe4 40.Bxg4 hxg4 41.Qxa4 Qb7 
42.Rb4 Qf7 43.Qd1 Qf6 44.Rd4 e3 45.Qd3 0-1

[Event "62nd POL-ch"]
[Site "Poznan POL"]
[Date "2005.05.02"]
[Round "11"]
[White "Markowski, Tomasz"]
[Black "Kempinski, Robert"]
[Result "0-1"]
[WhiteElo "2560"]
[BlackElo "2627"]
[EventDate "2005.04.21"]
[PlyCount "94"]

1.c4 Nf6 2.g3 c6 3.Nf3 g6 4.b3 Bg7 5.Bb2 d5 6.Bg2 O-O 7.O-O a5 8.a3 Qb6 9.
Qc2 a4 10.b4 dxc4 11.Qxc4 Qa6 12.Rc1 Qxc4 13.Rxc4 Na6 14.d3 Nc7 15.Nbd2 
Nb5 16.Rc2 Nd5 17.Bxg7 Kxg7 18.e3 Rd8 19.Bf1 f6 20.d4 Ndc7 21.Rcc1 Bg4 22.
Kg2 Nd6 23.Nc4 Nxc4 24.Bxc4 g5 25.Bf1 h5 26.Rc5 Be6 27.Kg1 Bd5 28.Be2 Ne6 
29.Rcc1 g4 30.Nh4 Ng5 31.Kf1 e5 32.b5 Be4 33.bxc6 bxc6 34.dxe5 fxe5 35.Rc5
Kf6 36.Rac1 Ne6 37.R5c4 Bd5 38.Rb4 c5 39.Rb6 Rab8 40.Ra6 Rb2 41.Rxa4 Bb3 
42.Ra6 Rdd2 43.Bb5 Bd5 44.Bc6 Nc7 45.Ra7 Bxc6 46.Rxc7 Rxf2+ 47.Kg1 Bf3 0-1

[Event "62nd POL-ch"]
[Site "Poznan POL"]
[Date "2005.05.02"]
[Round "11"]
[White "Warakomski, Tomasz"]
[Black "Szelag, Marcin"]
[Result "1/2-1/2"]
[WhiteElo "2384"]
[BlackElo "2497"]
[EventDate "2005.04.21"]
[PlyCount "125"]

1.e4 c5 2.Nf3 d6 3.d4 cxd4 4.Nxd4 Nf6 5.Nc3 a6 6.f4 e5 7.Nf3 Qc7 8.Bd3 Be7
9.O-O O-O 10.Kh1 b5 11.fxe5 dxe5 12.Bg5 Nbd7 13.Nh4 g6 14.Bh6 Re8 15.Qf3 
Bb7 16.g4 Bf8 17.Bd2 Re7 18.Rae1 Bg7 19.g5 Ne8 20.Ng2 f5 21.gxf6 Nexf6 22.
Qh3 Rf8 23.Ne3 Nc5 24.Rxf6 Bxf6 25.Ned5 Qd6 26.Bh6 Rff7 27.Nxe7+ Bxe7 28.
a3 Bf8 29.Bg5 Ne6 30.Be3 Nf4 31.Bxf4 exf4 32.Qf3 Bg7 33.a4 Qb4 34.axb5 
axb5 35.Bf1 Qxb2 36.Nxb5 Qb4 37.c3 Qc5 38.Rd1 Be5 39.Nd4 Re7 40.Bg2 h5 41.
Qh3 Kh7 42.Qd3 Kh6 43.Bf3 Bc8 44.Rb1 Bb7 45.Rb5 Qd6 46.Kg2 Kh7 47.Rb4 Ba6 
48.Qb1 Qc5 49.Qb3 Qc8 50.Rb6 Rb7 51.Rxb7+ Qxb7 52.Qxb7+ Bxb7 53.h4 Bc8 54.
Be2 Bg4 55.Bf3 Kg7 56.Ne2 Kf7 57.Nc1 Bxc3 58.Nd3 Bxf3+ 59.Kxf3 Bf6 60.Nxf4
Bxh4 61.Nxg6 Kxg6 62.Kg2 Bf6 63.e5 1/2-1/2

[Event "62nd POL-ch"]
[Site "Poznan POL"]
[Date "2005.05.02"]
[Round "11"]
[White "Miton, Kamil"]
[Black "Macieja, Bartlomiej"]
[Result "1/2-1/2"]
[WhiteElo "2592"]
[BlackElo "2613"]
[EventDate "2005.04.21"]
[PlyCount "23"]

1.d4 Nf6 2.c4 g6 3.Nc3 d5 4.Qb3 dxc4 5.Qxc4 Bg7 6.e4 O-O 7.Be2 Na6 8.Nf3 
c5 9.d5 e6 10.O-O exd5 11.exd5 Nb4 12.Bg5 1/2-1/2

[Event "62nd POL-ch"]
[Site "Poznan POL"]
[Date "2005.05.03"]
[Round "12"]
[White "Socko, Bartosz"]
[Black "Miton, Kamil"]
[Result "1-0"]
[WhiteElo "2583"]
[BlackElo "2592"]
[EventDate "2005.04.21"]
[PlyCount "181"]

1.e4 e5 2.Nf3 Nc6 3.Bb5 a6 4.Bxc6 dxc6 5.O-O Be7 6.d4 Nf6 7.Nc3 exd4 8.
Nxd4 O-O 9.Nde2 Be6 10.Bf4 Bc4 11.Re1 Bb4 12.a3 Ba5 13.Ng3 Qxd1 14.Raxd1 
Rfd8 15.b4 Bb6 16.Na4 Ne8 17.Nxb6 cxb6 18.Be3 c5 19.bxc5 bxc5 20.Bxc5 Rxd1
21.Rxd1 Rc8 22.Bb4 Bb5 23.Nf5 Kh8 24.f3 Ba4 25.Ne3 f6 26.Rd4 Kg8 27.c4 Kf7
28.Kf2 Nc7 29.Nf5 Ne8 30.f4 Rc7 31.Ne3 Rd7 32.Rxd7+ Bxd7 33.Nd5 g6 34.Ke3 
f5 35.e5 Ng7 36.Nf6 Bc6 37.Nxh7 Ne6 38.g3 b5 39.cxb5 Bxb5 40.Bd2 Bc6 41.
Bb4 Kg8 42.Nf6+ Kf7 43.h4 Ng7 44.Nh7 Ne6 45.Be1 Ba4 46.Bf2 Bc6 47.Kd3 Ke7 
48.Kc4 Bb5+ 49.Kd5 Be2 50.Bc5+ Kf7 51.Kd6 Bc4 52.Bb6 Bb3 53.Be3 a5 54.Bb6 
a4 55.Bf2 Bd1 56.Nf6 Ng7 57.Nd5 Bb3 58.Nc3 Ne6 59.Kc6 Ke7 60.Bb6 Bc2 61.
Kb5 Kd7 62.Nxa4 Bd3+ 63.Kb4 Kc6 64.Bf2 Nc7 65.Nc3 Nd5+ 66.Nxd5 Kxd5 67.Ka5
Kc6 68.Be1 Be2 69.Bb4 Bc4 70.Bf8 Bb3 71.Ka6 Ba4 72.Ka7 Kc7 73.Bd6+ Kd7 74.
Kb6 Bd1 75.Bb4 Bc2 76.Bc5 Bd1 77.Kb5 Be2+ 78.Kb4 Ke6 79.a4 Kd5 80.Bf8 Bd3 
81.Ka5 Kc6 82.e6 Bc4 83.e7 Bf7 84.Ka6 Kc7 85.Bg7 Be8 86.a5 Kc6 87.Ka7 Kc7 
88.Be5+ Kc8 89.Kb6 Kd7 90.a6 Bf7 91.Kc5 1-0

[Event "62nd POL-ch"]
[Site "Poznan POL"]
[Date "2005.05.05"]
[Round "13"]
[White "Macieja, Bartlomiej"]
[Black "Socko, Bartosz"]
[Result "0-1"]
[WhiteElo "2613"]
[BlackElo "2583"]
[EventDate "2005.04.21"]
[PlyCount "118"]

1.e4 e6 2.d4 d5 3.Nc3 Bb4 4.e5 c5 5.a3 Bxc3+ 6.bxc3 Ne7 7.Qg4 Kf8 8.h4 Qa5
9.Bd2 Qa4 10.h5 h6 11.Rh3 Nbc6 12.Qf4 Bd7 13.dxc5 Qxf4 14.Bxf4 Rc8 15.Rb1 
Na5 16.Be3 Bc6 17.f4 Nc4 18.Bc1 f6 19.Nf3 Kf7 20.exf6 gxf6 21.Nd4 Rc7 22.
Nxc6 Nxc6 23.g4 N6a5 24.g5 Rxc5 25.g6+ Kg7 26.f5 Re8 27.fxe6 Rxe6+ 28.Kd1 
b6 29.a4 Rc7 30.Rh2 Nb7 31.Re2 Rxe2 32.Bxe2 Nc5 33.Bxc4 dxc4 34.Be3 Rd7+ 
35.Kc1 Nxa4 36.Bd4 Rd5 37.Kd2 Rxh5 38.Rf1 Rh2+ 39.Ke3 Rh3+ 40.Ke4 Nxc3+ 
41.Kf5 Rh5+ 42.Ke6 Ne4 43.Rf4 Nc5+ 44.Kd6 Rh2 45.c3 Rd2 46.Kd5 Nb3 47.Kxc4
Nxd4 48.cxd4 h5 49.Kd5 Kxg6 50.Ke6 Re2+ 51.Kd6 Kg5 52.Rf1 h4 53.Rd1 h3 54.
d5 h2 55.Kc6 Rc2+ 56.Kb7 Rd2 57.Rxd2 h1=Q 58.Kb8 Qc1 59.Rd3 Qc2 0-1

[Event "62nd POL-ch"]
[Site "Poznan POL"]
[Date "2005.05.05"]
[Round "13"]
[White "Urban, Klaudiusz"]
[Black "Kempinski, Robert"]
[Result "1/2-1/2"]
[WhiteElo "2497"]
[BlackElo "2627"]
[EventDate "2005.04.21"]
[PlyCount "70"]

1.d4 Nf6 2.c4 g6 3.Nf3 Bg7 4.g3 d5 5.cxd5 Nxd5 6.Bg2 Nb6 7.O-O Nc6 8.Nc3 
O-O 9.d5 Na5 10.e4 c6 11.Bf4 cxd5 12.exd5 Nac4 13.Qe2 Bf5 14.Rac1 Rc8 15.
b3 Nd6 16.Be5 Bh6 17.Rcd1 Nd7 18.Bd4 Bg7 19.Bxg7 Kxg7 20.Rc1 Nf6 21.Ne5 
Qa5 22.Nc4 Nxc4 23.bxc4 Qc5 24.h3 h5 25.Rfd1 Rfe8 26.Nb5 Bd7 27.Nd4 Ba4 
28.Nb3 Qb4 29.Qd3 b6 30.Re1 Bxb3 31.axb3 a5 32.Ra1 Rc7 33.Re3 Qd6 34.Rae1 
Ra7 35.Qd4 Kg8 1/2-1/2

[Event "62nd POL-ch"]
[Site "Poznan POL"]
[Date "2005.05.05"]
[Round "13"]
[White "Bobras, Piotr"]
[Black "Szelag, Marcin"]
[Result "1-0"]
[WhiteElo "2501"]
[BlackElo "2497"]
[EventDate "2005.04.21"]
[PlyCount "63"]

1.e4 e6 2.d4 d5 3.Nc3 Bb4 4.e5 c5 5.a3 Bxc3+ 6.bxc3 Ne7 7.Qg4 Qa5 8.Bd2 
O-O 9.Bd3 Nbc6 10.Nf3 f5 11.exf6 Rxf6 12.Qh5 Nf5 13.g4 c4 14.gxf5 cxd3 15.
Rg1 Bd7 16.Qg5 Rf7 17.f6 Qd8 18.Ne5 Nxe5 19.dxe5 dxc2 20.Be3 d4 21.Bxd4 
Bc6 22.Qe3 Qd5 23.Kd2 Ba4 24.Qh6 Qd7 25.Rg4 Kh8 26.fxg7+ Kg8 27.Rag1 Rxf2+
28.Kc1 Qe7 29.Bc5 Qd8 30.Qxh7+ Kxh7 31.g8=Q+ Qxg8 32.Rh4# 1-0

[Event "62nd POL-ch"]
[Site "Poznan POL"]
[Date "2005.05.05"]
[Round "13"]
[White "Warakomski, Tomasz"]
[Black "Grabarczyk, Miroslaw"]
[Result "0-1"]
[WhiteElo "2384"]
[BlackElo "2487"]
[EventDate "2005.04.21"]
[PlyCount "86"]

1.e4 e5 2.Nf3 Nc6 3.Bc4 Bc5 4.b4 Bb6 5.a4 a6 6.Nc3 Nf6 7.Nd5 Nxd5 8.exd5 
Nd4 9.d6 Qf6 10.O-O Nxf3+ 11.Qxf3 Qxf3 12.gxf3 cxd6 13.Bd5 a5 14.b5 Bc5 
15.c3 Ra7 16.d4 exd4 17.Re1+ Kd8 18.cxd4 Bxd4 19.Re4 Bc5 20.Bxf7 Rf8 21.
Bg5+ Kc7 22.Rf4 b6 23.Be7 Rh8 24.Rc4 Kb8 25.Rd1 Rc7 26.Kg2 Bb7 27.Rxc5 
dxc5 28.Bd6 Kc8 29.Bc4 Re8 30.h4 Ba8 31.Kg3 Ra7 32.h5 Re6 33.Kg4 Bb7 34.
Rd3 Rxd6 35.Rxd6 Kc7 36.Rd3 Ra8 37.f4 Re8 38.Re3 Rxe3 39.fxe3 Be4 40.Bg8 
h6 41.Kg3 d5 42.Kf2 Kd6 43.Ke2 Bc2 0-1